000 00773nam a2200193Ia 4500
008 0000001997 ve a 0000000000spa00
020 _a9802381861
090 _aPSP00 N68s
100 1 _aNouviale, Christel
245 1 0 _aSorolla 1863 1923
_c/ texto Christel Nouviale
300 _a35 p.
_c/ 28 X 21 cm.
500 _aExposición realizada en la Fundación Museo de Bellas Artes, Caracas, Septiembre 11 Noviembre 2, 1997 \ Con el patronazgo del maestro venezolano Jesús Rafael Soto (q.e.p.d.)
600 0 0 _a SOROLLA, JOAQUIN, 18631923/
_xTRABAJOS PICTORICOS
650 1 4 _a PINTURA ESPAÑOLA
650 1 4 _aARTE MODERNO ESPAÑOL
650 1 4 _xCATALOGOS
650 1 4 _aPINTORES ESPAÑOLES
999 _c990
_d990
260 _aCaracas : Fundación Museo de Bellas Artes
_c1997